000
00319nam a2200157Ia 4500
100
_a
Naidu/D Subbaram
650
_a
Control Systems
942
_c
BK
366
_f
20
654
_a
optimal
245
_a
Optimal control systems
260
_b
CRC Press
_c
2003
082
_b
NAI
300
_a
433
546
_a
ENGLISH
999
_c
31247
_d
31247